Statistics for Most Populated Cities In New York State

Click here to take the quiz!

General Stats

  • This quiz has been taken 30 times
  • The average score is 6 of 8

Answer Stats

PopAnswer% Correct
8,175,333New York City
100%
261,310Buffalo
96%
210,565Rochester
86%
145,710Syracuse
86%
97,856Albany
86%
195,976Yonkers
68%
77,062New Rochelle
25%
67,292Mount Vernon
14%

Score Distribution

Percentile by Number Answered

Percent of People with Each Score

Your Score History

You have not taken this quiz